Pays du Monde par Drapeau et Première lettre - Statistiques

Statistiques générales
  • Ce quiz a été pris 41 446 fois
  • Le résultat moyen est 34 sur 196
Statistiques - réponses
Par images Réponse % Correct
Brésil
23%
Canada
23%
Corée du Sud
23%
France
23%
Japon
23%
Royaume-Uni
23%
Suisse
23%
Albanie
22%
Algérie
22%
Argentine
22%
Belgique
22%
Chypre
22%
Espagne
22%
États-Unis
22%
Irlande
22%
Israël
22%
Italie
22%
Maroc
22%
Mexique
22%
Portugal
22%
Suède
22%
Afrique du Sud
21%
Allemagne
21%
Chine
21%
Croatie
21%
Finlande
21%
Grèce
21%
Inde
21%
Jamaïque
21%
Liban
21%
Népal
21%
Tunisie
21%
Turquie
21%
Ukraine
21%
Arabie Saoudite
20%
Australie
20%
Corée du Nord
20%
Danemark
20%
Égypte
20%
Géorgie
20%
Macédoine du Nord
20%
Norvège
20%
Pays-Bas
20%
Qatar
20%
Russie
20%
Autriche
19%
Cambodge
19%
Chili
19%
Côte d'Ivoire
19%
Estonie
19%
Iran
19%
Islande
19%
Kazakhstan
19%
Kenya
19%
Kosovo
19%
Luxembourg
19%
Malte
19%
Nigeria
19%
Nouvelle-Zélande
19%
Panama
19%
République Tchèque
19%
Serbie
19%
Slovaquie
19%
Tchad | Roumanie
19%
Tchad | Roumanie
19%
Uruguay
19%
Vatican
19%
Viêt Nam
19%
Angola
18%
Bangladesh
18%
Barbade
18%
Bhoutan
18%
Biélorussie
18%
Bosnie-Herzégovine
18%
Colombie
18%
Cuba
18%
Hongrie
18%
Lettonie
18%
Pakistan
18%
Pérou
18%
Pologne
18%
République Démocratique du Congo
18%
Saint-Marin
18%
Seychelles
18%
Slovénie
18%
Sri Lanka
18%
Thaïlande
18%
Venezuela
18%
Afghanistan
17%
Andorre
17%
Arménie
17%
Bulgarie
17%
Cameroun
17%
Équateur
17%
Éthiopie
17%
Laos
17%
Liechtenstein
17%
Malaisie
17%
Monaco
17%
Monténégro
17%
Philippines
17%
Sénégal
17%
Singapour
17%
Azerbaïdjan
16%
Bahreïn
16%
Burkina Faso
16%
Costa Rica
16%
Eswatini
16%
Haïti
16%
Indonésie
16%
Irak
16%
Liberia
16%
Lituanie
16%
Madagascar
16%
Mauritanie
16%
Moldavie
16%
Mongolie
16%
Ouganda
16%
Palaos
16%
Papouasie-Nouvelle-Guinée
16%
Paraguay
16%
Sainte-Lucie
16%
Somalie
16%
Taïwan
16%
Bahamas
15%
Birmanie
15%
Botswana
15%
Brunei
15%
Burundi
15%
Cap-Vert
15%
Comores
15%
Émirats Arabes Unis
15%
Érythrée
15%
Gabon
15%
Ghana
15%
Honduras
15%
Kirghizistan
15%
Lesotho
15%
Libye
15%
Maldives
15%
Mali
15%
Mozambique
15%
Niger
15%
Oman
15%
Ouzbékistan
15%
République Centrafricaine
15%
République Dominicaine
15%
Tanzanie
15%
Tonga
15%
Turkménistan
15%
Zambie
15%
Belize
14%
Bénin
14%
Bolivie
14%
Djibouti
14%
Dominique
14%
États Fédérés de Micronésie
14%
Fidji
14%
Guatemala
14%
Kiribati
14%
Malawi
14%
Maurice
14%
République du Congo
14%
Suriname
14%
Syrie
14%
Togo
14%
Trinité-et-Tobago
14%
Zimbabwe
14%
Antigua-et-Barbuda
13%
Grenade
13%
Guinée Équatoriale
13%
Guyana
13%
Jordanie
13%
Koweït
13%
Namibie
13%
Nauru
13%
Nicaragua
13%
Rwanda
13%
Saint-Vincent-et-les-Grenadines
13%
Samoa
13%
Sierra Leone
13%
Soudan du Sud
13%
Tadjikistan
13%
Timor Oriental
13%
Yémen
13%
Gambie
12%
Guinée-Bissau
12%
Îles Marshall
12%
Îles Salomon
12%
Salvador
12%
Sao Tomé-et-Principe
12%
Soudan
12%
Vanuatu
12%
Guinée
11%
Saint-Christophe- et-Niévès
11%
Tuvalu
11%
Aucun quiz correspondant
Distribution des résultats
% des personnes avec chaque résultat
Percentile par nombre de réponses
Votre historique - résultats
Vous n’avez pas pris ce quiz